| 000 | 00846nam a2200217 i 4500 | ||
|---|---|---|---|
| 001 | 72136 | ||
| 003 | ES-MaACL | ||
| 005 | 20230906171332.0 | ||
| 007 | t| | ||
| 008 | 040826s1986 sp ||||1| spa d | ||
| 020 | _a0-9509-693-2-X | ||
| 245 | 0 | 0 |
_aGilbert & George _b: the complete pictures, 1971-1985 = todos los cuadros, 1971-1985 : [exposición itinerante, 1986-1987] / _ccoordinación, José Luis Brea ; traducción, Pilar López Máñez. |
| 250 | _a1ª ed. | ||
| 260 |
_aMadrid : _bMinisterio de Cultura, Direccion General de Bellas Artes y Archivos, Centro Nacional de Exposiciones, _c1986. |
||
| 300 |
_aXXXIX, 270 p. : _bprincipalmente il. ; _c29 cm. |
||
| 500 | _aIndices. | ||
| 504 | _aBibliografía. | ||
| 700 | 1 |
_aBrea, José Luis. _931534 |
|
| 700 | 0 |
_aLópez Máñez, Pilar. _973746 |
|
| 852 |
_aES-MaACL _jL-11206 _bR.113072 |
||
| 999 |
_c72136 _d72136 |
||